Каратэ-до: Ката для начинающих и мастеров

Λεπτομέρειες βιβλιογραφικής εγγραφής
Κύριος συγγραφέας: Лапшин С. С. Сергей Алексеевич
Γλώσσα:Ρωσικά
Έκδοση: Донецк, Сталкер, 1996
Σειρά:Школа С. А. Лапшина. Каратэ-до. Донецк
Θέματα:
Μορφή: Βιβλίο
KOHA link:https://koha.lib.tpu.ru/cgi-bin/koha/opac-detail.pl?biblionumber=5086

MARC

LEADER 00000nam0a2200000 4500
001 5086
005 20231030175340.0
010 |a 9667104222 
035 |a (RuTPU)RU\TPU\book\5113 
035 |a BOOK00005160 
090 |a 5086 
100 |a 20011209d1996 m y0rusy50 ca 
101 0 |a rus 
102 |a UA 
105 |a y z 000zy 
200 1 |a Каратэ-до  |e Ката для начинающих и мастеров  |f С. А. Лапшин 
210 |a Донецк  |c Сталкер  |d 1996 
215 |a 336 с. 
225 1 |a Школа С. А. Лапшина. Каратэ-до. Донецк 
610 1 |a каратэ-до 
610 1 |a ката 
610 1 |a восточные единоборства 
675 |a 796.85  |v 3 
700 1 |a Лапшин  |b С. С.  |g Сергей Алексеевич 
801 0 |a UA  |b 63413507  |c 20011209  |g PSBO 
801 2 |a RU  |b 63413507  |c 20070907  |g PSBO 
942 |c BK